Quizzes
Events
Quiz Creation
Community
Videos
Private Events
Remove Ads
Sign In
Join for FREE
Feedback
Dark Mode
Quiz Categories
Sports
Geography
Music
Movies
Television
Just For Fun
Miscellaneous
History
Literature
Language
Science
Gaming
Entertainment
Religion
Holiday
For Kids
Quiz Lab
Recent
Popular Today
Quiz Kudos Today
Editor Picks
Curator Picks
Quizzes by...
Day
Popularity
Type
Ratings
Length
Year
Community
Subscriptions
Recent Discussions
Orange Saloon
Badges
Playlists
Quests
Create
Leaderboards
Showdown
Live 5
Trivia Bingo
Activity
Puzzle Library
Sporcle Events
Private Events
Virtual Trivia
Globe League
Become a Host
Pub Owners
SporcleCon
Opinionation
Our Games
Videos
Blog
Mobile Apps
Partnerships
Remove Ads and Go Orange
Feedback
Geography
Country
Landmarks
City
State
Population
World
Capital
Continent
Flags
Europe
Africa
Asia
South America
North America
Oceania
Border
Canada
United Kingdom
Topography
United States
Geography
Country
Landmarks
City
State
Population
World
Capital
Continent
Flags
Europe
Africa
Asia
South America
North America
Oceania
Border
Canada
United Kingdom
Topography
United States
Random Quiz
Search Sporcle
×
Quiz Lab
Quiz Lab
Geography
group
Type in answers that appear in a list
Type in answers that appear in a list
Classic
Best Score? Go Orange.
Geography groups Stats
Geography groups
By
Sindrerise
10m
61 Questions
93 Plays
93 Plays
93 Plays
Comments
Comments
Give Quiz Kudos
Give Quiz Kudos
-
- Ratings
hide this ad
Replay
Link that replays current quiz
Next Quiz
Link to next quiz in quiz playlist
You Got
0%
They Got
Avg Score
44%
Avg Friend Score
Upgrade to see
Score Distribution
Jump to the score distribution portion of the page
Score
0/61
Timer
10:00
0
Plays Today
Hint
Name
% Correct
11 Equator Line Countries
Brazil
100%
11 Equator Line Countries
Ecuador
100%
11 Equator Line Countries
Uganda
100%
11 Equator Line Countries
Colombia
92.9%
11 Equator Line Countries
Indonesia
92.9%
11 Equator Line Countries
DR Congo
92.9%
5 Boroughs of New York City
The Bronx
88.2%
5 Boroughs of New York City
Manhattan
87.1%
Original 13 American colonies
New York
86%
11 Equator Line Countries
Kenya
85.7%
11 Equator Line Countries
Gabon
85.7%
8 Blue Meridian Countries
Algeria
85.7%
Original 13 American colonies
Virginia
84.9%
5 Boroughs of New York City
Brooklyn
83.9%
5 Boroughs of New York City
Queens
83.9%
Original 13 American colonies
Rhode Island
83.9%
5 Boroughs of New York City
Staten Island
82.8%
Original 13 American colonies
Pennsylvania
82.8%
Original 13 American colonies
North Carolina
81.7%
Original 13 American colonies
New Jersey
81.7%
Original 13 American colonies
Massachusetts
80.6%
Original 13 American colonies
South Carolina
80.6%
Original 13 American colonies
Maryland
79.6%
Original 13 American colonies
Connecticut
79.6%
Original 13 American colonies
Delaware
79.6%
11 Equator Line Countries
Somalia
78.6%
8 Blue Meridian Countries
Ghana
78.6%
8 Blue Meridian Countries
Burkina Faso
78.6%
8 Blue Meridian Countries
Mali
78.6%
8 Blue Meridian Countries
United Kingdom
78.6%
Original 13 American colonies
New Hampshire
78.5%
Hint
Name
% Correct
Original 13 American colonies
Georgia
78.5%
8 Blue Meridian Countries
Spain
71.4%
8 Blue Meridian Countries
France
71.4%
Modern countries in French Equatorial Africa 1910-
58
Gabon
69.9%
Modern countries in French Equatorial Africa 1910-
58
Cameroon
67.7%
8 Blue Meridian Countries
Togo
64.3%
Modern countries in French Equatorial Africa 1910-
58
Chad
60.2%
ABC islands
Aruba
60.2%
3 major landscapes of Switzerland
Alps
58.1%
11 Equator Line Countries
Congo
57.1%
11 Equator Line Countries
São Tomé and Príncipe
57.1%
Modern countries in French Equatorial Africa 1910-
58
Republic of the Congo
57%
ABC islands
Curacao
53.8%
Golden Crescent Countries
Iran
52.7%
Modern countries in French Equatorial Africa 1910-
58
Central African Republic
50.5%
Golden Crescent Countries
Afghanistan
46.2%
Golden Crescent Countries
Pakistan
46.2%
ABC islands
Bonaire
45.2%
Golden Triangle Countries
Myanmar
43%
Golden Triangle Countries
Laos
43%
Golden Triangle Countries
Thailand
41.9%
7 Hills of Rome
Capitoline
33.3%
7 Hills of Rome
Aventine
29%
3 major landscapes of Switzerland
Jura
29%
7 Hills of Rome
Palatine
29%
7 Hills of Rome
Quirinal
24.7%
7 Hills of Rome
Viminal
24.7%
3 major landscapes of Switzerland
Mittelland
23.7%
7 Hills of Rome
Caelian
18.3%
7 Hills of Rome
Esquiline
14%
Quiz Playlist
Details
Report
Send in Message
Add To Playlist
Classic:
Type in answers that appear in a list
Last Updated: Feb 25, 2024
Quiz Scoreboard
CHALLENGE
Sign Up to Join the Scoreboard
Show All
Scores
Hide
Comments
May contain spoilers
Recently Published
College Basketball Coaching Resumes
by pancakes188
Sports
9m
Billboard Blitz: Fleetwood Mac
by CooCooCachoo
Music
15s
Presidents Visiting Landmarks
by Hejman
History
7m
More to Explore
Quiz From the Vault
Featured Blog Post
Where Did the Easter Bunny Come From?
hide this ad
You Might Also Like...
Tags
group
Today's Top Quizzes in Geography
Browse Geography
hide this ad
Today's Top Quizzes in group
Browse group
Top Contributed Quizzes in Geography
1
Countries of the World - No Outlines Minefield
2
Top 25 Cities of France on a map
3
Any capital of a 'B' country per Continent
4
Any capital of a 'C' country per Continent
5
Closest Countries to UK A-Z
6
Any capital of a 'D' country per Continent
7
5-to-1: US Geography No Hints
8
Any capital of an 'E' country per Continent
9
Click the Alabama Counties! (Map)
10
One Thing in Common: United Kingdom
Explore More
Trending Topics
Crossword
Harry Potter
Anime
NBA
Marvel
Kpop
Disney
The Office
NFL
Song
Country
WWE
Pokémon
Puzzle
Soccer
hide this ad
More By:
Sindrerise
Quiz
Plays
Rating
Category
Featured
Created
Characters in Literature
19,538
4.48
Literature
Sep 14, 2014
Characters in Literature II
18,855
4.17
Literature
Oct 4, 2014
Famous painters by painting slideshow
2,343
4.91
Miscellaneous
Sep 9, 2017
1980s album covers I
1,878
4.65
Music
Feb 16, 2019
Dead Authors by Novel I
1,631
3.41
Literature
Jan 28, 2010
Go to Creator's Profile
Score Distribution
Quiz Creator Spotlight
Sindrerise
Follow
Send a Message
Quizzes Created
-
Created Quiz Play Count
-
More By This Creator
Popular Quizzes Today
1
Find the US States - No Outlines Minefield
2
Find the Countries of Europe - No Outlines Minefield
3
The Countries of the World
4
Find the US States
5
Risky Map Clicking: Biggest States A-Z
6
US States
7
Popular People in 1961
8
Movies - When Are They Set?
More Geography Quizzes
Erase Asia by Capital
Published
Trending Quizzes
Risky Map Clicking: Least Populous States A-Z
1-10 Letter G Words
1-10 Letter F Words
Risky Map Clicking: Next State Alphabetically
Risky Map Clicking: Biggest States A-Z
Recently Updated
Leaping Animals
pecheneg
Reality TV Shows (A-Z)
bhenderson79
Rickey Henderson's Hall of Fame Teammates
pecheneg
Champions League XIs: Arsenal
pecheneg
Quick Pick: Celebrities in WWE's Hall of Fame
aduchscher
A-Z Keypad Blitz II
pecheneg
Multiple Oscar Actors
pecheneg
Mystery Phrase Blitz: Oscar 'Best Actors'
pecheneg
F. Scott Fitzgerald Novels
LTH
Pick 3 Villains
ddd62291
Trending Topics
NBA
Disney
Anime
Harry Potter
Marvel
Crossword
Kpop
The Office
WWE
Puzzle
NFL
Soccer
Song
Pokémon
Country
Your Account Isn't Verified!
In order to create a playlist on Sporcle, you need to verify the email address you used during registration. Go to your
Sporcle Settings
to finish the process.
Report this User
Report this user for behavior that violates our
Community Guidelines
.
Details:
Send Report
Go to the Sporcle.com Mobile Site →
Comments